000 00767cad a22002295a 4500
001 L158673
008 100701s2015 xxk f 000 0 eng d
035 _a(Sirsi) u158673
041 0 _aeng
100 1 _aPuckett, Katie
245 0 0 _aWe can work it out
260 _aLondon
_bRICS
_c2015
490 _aModus
_vJune 2015, 17-22(5)
520 _aLooks at rise of new methods to resolve "mega-disputes" on complex construction projects to replace alternative dispute resolution (ADR) such as dispute boards and conflict avoidance panels (CAP).
590 _aKA
650 2 4 _aALTERNATIVE DISPUTE RESOLUTION
650 2 4 _aADJUDICATION
650 2 4 _aDISPUTE RESOLUTION BOARD
651 4 _aInternational
690 _aDispute resolution
_96236
942 _n0
_2ddc
999 _c84653
_d84653